Asset manažment v cestnom hospodárstve
Asset manažment - manažment aktív je systematický proces udržovania aktív, zvyšovania aktív, zabezpečovania aktív za výhodné ceny. Spája inžinierske zásady s rozumnými podnikateľskými praktikami a ekonomickou teóriou. Základné definície manažmentu aktív, princípy manažmentu aktív, životný cyklus akt...
Uložené v:
| Hlavný autor: | |
|---|---|
| Médium: | Kapitola |
| Jazyk: | Slovak |
| Predmet: | |
| Tagy: |
Žiadne tagy, Buďte prvý, kto otaguje tento záznam!
|
MARC
| LEADER | 00000naa$a2200000$$$4500 | ||
|---|---|---|---|
| 001 | 0110232 | ||
| 005 | 20230825090046.4 | ||
| 041 | 0 | |a slo | |
| 044 | |a SK | ||
| 245 | 1 | 0 | |a Asset manažment v cestnom hospodárstve |c Mária Trojanová |
| 520 | |a Asset manažment - manažment aktív je systematický proces udržovania aktív, zvyšovania aktív, zabezpečovania aktív za výhodné ceny. Spája inžinierske zásady s rozumnými podnikateľskými praktikami a ekonomickou teóriou. Základné definície manažmentu aktív, princípy manažmentu aktív, životný cyklus aktív. Postup zavádzania manažmentu aktív. Hlavný zmysel zavedenia manažmentu aktív pre riadenie cestného hospodárstva. | ||
| 610 | 2 | 0 | |a manažment |
| 610 | 2 | 0 | |a majetok |
| 610 | 2 | 0 | |a aktíva |
| 610 | 2 | 0 | |a siete cestné |
| 610 | 2 | 0 | |a financovanie |
| 610 | 2 | 0 | |a riadenie |
| 100 | 1 | |a Trojanová, Mária | |